| 000 | 00776nas a2200253 4500 | ||
|---|---|---|---|
| 001 | BR7800497 | ||
| 003 | BR-BrBNA | ||
| 005 | 20231205083310.0 | ||
| 007 | ta | ||
| 008 | 230509b bl.|||p| |||| 00| 00por d | ||
| 040 |
_aBR-BrBNA _bpor _cBiblioteca Nacional de Agricultura |
||
| 041 | _a(Pt) | ||
| 072 | _aH20 | ||
| 100 | 1 | _aKurozawa, C. | |
| 100 | 1 | _aNakagawa, J. | |
| 100 | 1 | _aDoi, T. | |
| 100 | 1 | _aMelotto, E. | |
| 245 | 1 | _aComportamento de cultivares de gergelim (Sesamum indicum L.)a Cercospora sesami Zimm., e sua incidencia em sementes | |
| 650 | _aGERGELIM | ||
| 650 | _aCERCOSPORIOSE | ||
| 773 | 0 |
_tFitopatologia Brasileira (Brazil) _xISSN 0100-4158 _g(Feb 1977), v. 2(1) p. 85 _wBR7800497 |
|
| 909 |
_a202311 _bLúcia _c55 _dLúcia Elande |
||
| 942 |
_2AGRIS _n0 _cANA |
||
| 999 |
_c97809 _d97809 |
||